00820nam a22002057a 450000500170000001000290001702000260004603500270007203700130009903700120011208200160012410000270014024501110016726000310027827000820030930000270039150000500041852001430046870000030061120110401112434.0 aENG-102212 B-455080-084 a9780415597470c695.00 aEN-85745 B-455080-084 bDBAD/PUB bRBC/Ven00a320.8095487 aChandrashekhar, Lalita02aUndermining local democracy :bparallel governance in contemporary South India /cby Lalita Chandrashekhar aNew DelhibRoutledgec2011 a912-915 Tolstoy House, 15-17 Tolstoy Marg, Connaught PlacebNew Delhie110001 axx, 225 p.c22 cm (Hb) aIncludes bibliographical references and index aBased on the papers presented and discussions held at a high level Regional Forum organized by the Asian Development Bank in January 2010.1